Doctorate theses of the University of Allahabad: (Record no. 89097)
[ view plain ]
| 000 -LEADER | |
|---|---|
| fixed length control field | 01017cam a22002291 4500 |
| 001 - CONTROL NUMBER | |
| control field | sa 68019825 |
| 003 - CONTROL NUMBER IDENTIFIER | |
| control field | DLC |
| 005 - DATE AND TIME OF LATEST TRANSACTION | |
| control field | 20260227112720.0 |
| 008 - FIXED-LENGTH DATA ELEMENTS--GENERAL INFORMATION | |
| fixed length control field | 900926s1969 ii 000 0 eng |
| 010 ## - LIBRARY OF CONGRESS CONTROL NUMBER | |
| LC control number | sa 68019825 |
| 025 ## - OVERSEAS ACQUISITION NUMBER | |
| Overseas acquisition number | PL489:I-F-E-56 |
| 040 ## - CATALOGING SOURCE | |
| Original cataloging agency | DLC |
| Transcribing agency | DLC |
| Modifying agency | DLC |
| 050 00 - LIBRARY OF CONGRESS CALL NUMBER | |
| Classification number | Z5055.I6 |
| Item number | A546 |
| 082 00 - DEWEY DECIMAL CLASSIFICATION NUMBER | |
| Classification number | 013/.37/509542 |
| 100 0# - MAIN ENTRY--PERSONAL NAME | |
| Personal name | Jāfara Razā, |
| Dates associated with a name | 1939- |
| 245 10 - TITLE STATEMENT | |
| Title | Doctorate theses of the University of Allahabad: |
| Remainder of title | a bibliography from 1887 to 1967 of the recipients of doctorate degrees from the Faculties of Arts, Science. Commerce and Law of the University of Allahabad, with the years award and the titles of their theses. |
| Statement of responsibility, etc. | Compiled by Jafar Raza. |
| 260 ## - PUBLICATION, DISTRIBUTION, ETC. | |
| Place of publication, distribution, etc. | [Allahabad] |
| Name of publisher, distributor, etc. | University of Allahabad, |
| Date of publication, distribution, etc. | 1969. |
| 300 ## - PHYSICAL DESCRIPTION | |
| Extent | xii, 99 p. |
| Dimensions | 25 cm. |
| 490 1# - SERIES STATEMENT | |
| Series statement | University of Allahabad studies (new series); |
| Volume/sequential designation | v. 1, nos. 1-6 |
| 610 20 - SUBJECT ADDED ENTRY--CORPORATE NAME | |
| Corporate name or jurisdiction name as entry element | University of Allahabad |
| General subdivision | Dissertations. |
| 810 1# - SERIES ADDED ENTRY--CORPORATE NAME | |
| Corporate name or jurisdiction name as entry element | Allahabad. |
| Subordinate unit | University of Allahamad. |
| Title of a work | University of Allahabad studies (new series); |
| Volume/sequential designation | v. 1, nos. 1-6. |
No items available.